Advanced methods in protein microsequence analysis / (Record no. 2492)

MARC details
000 -LEADER
fixed length control field 00966nam a2200301 4500
001 - CONTROL NUMBER
control field 4770438
005 - DATE AND TIME OF LATEST TRANSACTION
control field 20150302102721.0
007 - PHYSICAL DESCRIPTION FIXED FIELD--GENERAL INFORMATION
fixed length control field 000
008 - FIXED-LENGTH DATA ELEMENTS--GENERAL INFORMATION
fixed length control field 000
010 ## - LIBRARY OF CONGRESS CONTROL NUMBER
LC control number 86022122
020 ## - INTERNATIONAL STANDARD BOOK NUMBER
International Standard Book Number 0387169970 (U.S.)
040 ## - CATALOGING SOURCE
Original cataloging agency UOEL
Transcribing agency DLC
Modifying agency DLC
050 00 - LIBRARY OF CONGRESS CALL NUMBER
Classification number QP551
Item number .A325 1986
060 ## - NATIONAL LIBRARY OF MEDICINE CALL NUMBER
Classification number QU 60 A2438
082 00 - DEWEY DECIMAL CLASSIFICATION NUMBER
Classification number 547.7/5
Edition number 19
245 00 - TITLE STATEMENT
Title Advanced methods in protein microsequence analysis /
Statement of responsibility, etc edited by B. Wittmann-Liebold, J. Salnikow, V.A. Erdmann.
260 ## - PUBLICATION, DISTRIBUTION, ETC. (IMPRINT)
Place of publication, distribution, etc Berlin ;
-- New York :
Name of publisher, distributor, etc Springer-Verlag,
Date of publication, distribution, etc c1986.
300 ## - PHYSICAL DESCRIPTION
Extent viii, 423 p. :
Other physical details ill. ;
Dimensions 25 cm.
504 ## - BIBLIOGRAPHY, ETC. NOTE
Bibliography, etc Includes bibliographies and index.
650 #0 - SUBJECT ADDED ENTRY--TOPICAL TERM
Topical term or geographic name as entry element Amino acid sequence.
General subdivision Physiology
Topical term or geographic name as entry element Amino Acid Sequence.
Topical term or geographic name as entry element Proteins
General subdivision analysis.
700 2# - ADDED ENTRY--PERSONAL NAME
Personal name Wittmann-Liebold, B.
Fuller form of name (Brigitte),
Dates associated with a name 1931-
Personal name Salnikow, J.
Fuller form of name (Johann),
Dates associated with a name 1938-
Personal name Erdmann, V. A.
Fuller form of name (Volker A.),
Dates associated with a name 1941-
906 ## - LOCAL DATA ELEMENT F, LDF (RLIN)
a 7
b cbc
c orignew
d 1
e ocip
f 19
g y-gencatlg
942 ## - ADDED ENTRY ELEMENTS (KOHA)
Source of classification or shelving scheme Library of Congress Classification
Item type Loan - Normal on open shelf
Holdings
Withdrawn status Lost status Source of classification or shelving scheme Damaged status Not for loan Home library Current library Shelving location Date acquired Total Checkouts Full call number Barcode Date last seen Copy number Price effective from Koha item type
    Library of Congress Classification     UOE Main Library UOE Main Library Open shelf 02/03/2015   QP551 .A325 1986 20150858 27/04/2026 20150858 02/03/2015 Loan - Normal on open shelf
    Library of Congress Classification     UOE Main Library UOE Main Library Open shelf 02/03/2015   QP551 .A325 1986 20144882 27/04/2026 20144882 02/03/2015 Loan - Normal on open shelf